000 00667nam a2200181 a 4500
005 20210223130803.0
008 081107s1983 mx r 000 0 spa d
035 _aUPN01000165333
049 _aUNE
080 _a392.3 (72) "1983" FER.
100 1 _aFernández R., Ma. Estela
245 1 0 _aFormas de vida en ciudades medias del centro de México :
_bExtracto sintético de investigación sociológica /
_cMa. Estela Fernández R.; Luis Leñero Otero.
260 _aMéxico :
_bInstituto Mexicano de Estudios Sociales,
_c1983.
300 _a115 p.
690 _aFamilia- Estilos de vida- Mexico
700 1 _aLeñero Otero, Luis,
_d1934-
_928983
905 _aUNESCO
999 _c137445
_d137445